000 00318 a2200157 4500
001 162648
020 _a
040 _cMagnum
100 _aGallindo, Eronides
240 1 0 _aO serrote invisivel
_lpor
245 1 0 _aO serrote invisivel
362 0 _a1899
440 1 _aBagaço
697 _aJ/FICCAO
942 _cBK
999 _c162648
_d162648